00430nam a2200145Ia 450000500170000002000180001710000140003536500050004936500100005494200070006424500800007126000140015199900110016595201080017620260513122049.0 a9780262538008 aDevenport c b25.00 cBK aThe AI Advantage: How to Put the Artificial Intelligence Revolution to Work bMIT Press c18d18 00104070aUNSWbUNSWd2026-05-08g24.95i16697l0p000152r2026-05-13 12:20:49v24.95w2026-05-13yBK